00587nam a2200145Ia 4500008004100000024006000041082002100101100007900122245002500201260002600226600003200252650003300284856010700317999001700424260210s9999 xx 000 0 und d a09B-006-CE, 09B-009-CE, 09B-013-CE & 09B-026-CE a621.38928072 MUS aSyed khalid mushtaque, Matti-Ur-Rheman, Abdul Moiz Baig & Waqar Majeed 0aSecured Energy Meter aKarachi:bUITU,c2009 aComputer System Engineering aBachelor of Engineering (BE) uhttps://drive.google.com/file/d/1AF9pWITAaQXJulYUoDjNUk0yZBlbfczA/view?usp=sharingyClick here for PDF c32750d32750